000 00634nam a2200241Ia 4500
005 20260121112524.0
008 6669 260114s9999 xx 000 0 eng d
020 _a9789814289887
037 _aEBOOK
040 _aCRL
_beng
_cCRL
041 _aeng
_2eng
084 _qCRL
100 _aHyer Tom
_9958961
245 0 _aDerivatives Algorithms - Volume 1: Bones
260 _bWorld Scientific
260 _bWSPC
260 _c2010
650 _aEconomics & Finance
_9958962
856 _uhttps://www.worldscientific.com/worldscibooks/10.1142/7524#t=toc
942 _cEBOOK
999 _c1543969
_d1543969